Abeceda marketingu

Guardado en:
Detalles Bibliográficos
Autor principal: Maruani, Laurent
Otros Autores: Mošna, Zdeněk, Krejzová, Anna
Formato: Libro
Lenguaje:checo
Publicado: Praha Management Press 1995
Edición:1. vyd.
Materias:
Etiquetas: Agregar Etiqueta
Sin Etiquetas, Sea el primero en etiquetar este registro!

MARC

LEADER 00000nam a2200000 4500
001 c012004
005 20221205132722.6
020 |a 80-85603-95-0 
041 0 |a cze 
044 |a CZ 
245 1 0 |a Abeceda marketingu  |c Laurent Maruani ; [Z franc. prel.] Zdeněk Mošna, Anna Krejzová 
250 |a 1. vyd. 
264 1 |a Praha  |b Management Press  |c 1995 
300 |a 227 s. 
610 2 0 |a marketing 
610 2 0 |a predaj 
610 2 0 |a prieskum trhu 
610 2 0 |a výrobky 
610 2 0 |a služby 
610 2 0 |a kontrola 
610 2 0 |a komunikácia 
610 2 0 |a reklama 
100 1 |a Maruani, Laurent 
700 1 |a Mošna, Zdeněk 
700 1 |a Krejzová, Anna